All Brawl Stars Characters! - Statistics

General Stats
  • This quiz has been taken 50 times
  • The average score is 32 of 47
Answer Stats
Rarity Answer % Correct
Starting Shelly
95%
Trophy Road Colt
86%
Trophy Road Bull
84%
Legendary Crow
81%
Legendary Leon
81%
Rare Rosa
81%
Legendary Spike
81%
Trophy Road Bo
78%
Epic Frank
78%
Trophy Road Jessie
78%
Trophy Road Nita
78%
Legendary Sandy
78%
Trophy Road 8-Bit
76%
Trophy Road Emz
76%
Chromatic Gale
76%
Mythic Mortis
76%
Trophy Road Stu
76%
Trophy Road Brock
73%
Trophy Road Dynamike
73%
Mythic Gene
73%
Epic Pam
73%
Super Rare Rico
73%
Chromatic Surge
73%
Legendary Amber
70%
Rare Barley
70%
Rare El Primo
70%
Rare Poco
70%
Epic Bibi
68%
Chromatic Colette
65%
Super Rare Darryl
65%
Epic Edgar
65%
Mythic Max
65%
Super Rare Penny
65%
Mythic Tara
65%
Super Rare Jackie
62%
Epic Piper
62%
Epic Bea
59%
Chromatic Belle
59%
Chromatic Lou
57%
Mythic Sprout
57%
Trophy Road Tick
57%
Mythic Byron
54%
Mythic Mr. P
54%
Epic Nani
54%
Mythic Squeak
54%
Super Rare Carl
46%
Chromatic Colonel Ruffs
35%
No matching quizzes found
Score Distribution
Percent of People with Each Score
Percentile by Number Answered
Your Score History
You have not taken this quiz